100 Biggest Cities of the German Empire with a Map - Statistics

General Stats
  • This quiz has been taken 4,370 times
    1,562 since last reset
  • The average score is 47 of 100
Answers on the Map
Answers color-coded by a green-red scale on the quiz's map according to % correct below.
 
Answer Stats
Population Cities % Correct
2,071,257 Berlin
98%
931,035 Hamburg
96%
596,467 Munich
95%
414,576 Frankfurt am Main
92%
516,527 Cologne
91%
170,337 Danzig
90%
548,308 Dresden
90%
68,277 Frankfurt an der Oder
90%
247,437 Bremen
86%
589,850 Leipzig
86%
333,142 Nuremberg
86%
286,218 Stuttgart
86%
358,728 Düsseldorf
84%
245,994 Königsberg
83%
211,627 Kiel
81%
178,891 Straßburg
81%
214,226 Dortmund
80%
302,375 Hanover
80%
512,105 Breslau
79%
294,653 Essen
78%
156,143 Aachen
76%
156,691 Posen
71%
87,978 Bonn
70%
62,243 Potsdam
70%
236,113 Stettin
70%
102,487 Augsburg
69%
98,656 Lübeck
69%
105,089 Saarbrücken
67%
279,629 Magdeburg
66%
110,634 Mainz
66%
193,902 Mannheim
65%
65,383 Rostock
65%
83,324 Freiburg im Breisgau
60%
78,380 Bielefeld
59%
90,254 Münster
59%
68,598 Metz
58%
56,109 Ulm
58%
287,807 Chemnitz
57%
229,483 Duisburg
57%
111,463 Erfurt
57%
134,313 Karlsruhe
54%
52,624 Regensburg
53%
143,552 Braunschweig
51%
169,214 Barmen
50%
153,196 Cassel
50%
170,195 Elberfeld
50%
136,931 Bochum
49%
180,843 Halle an der Saale
49%
60,922 Flensburg
47%
56,016 Heidelberg
46%
53,595 Brandenburg an der Havel
44%
84,496 Würzburg
44%
169,513 Gelsenkirchen
43%
95,041 Mulhouse
43%
109,002 Wiesbaden
43%
87,089 Darmstadt
41%
65,957 Osnabrück
41%
66,414 München Gladbach
39%
56,487 Coblenz
38%
73,542 Zwickau
35%
66,553 Fürth
33%
305,978 Charlottenburg
32%
54,659 Kaiserslautern
32%
83,301 Ludwigshafen am Rhein
32%
49,276 Gera
31%
85,806 Görlitz
30%
129,406 Crefeld
28%
57,696 Bromberg
27%
89,900 Oberhausen
27%
172,628 Altona
26%
75,583 Offenbach am Main
26%
58,636 Elbing
25%
88,605 Hagen
25%
69,082 Pforzheim
24%
56,605 Dessau
23%
50,536 Solingen
23%
50,239 Hildesheim
22%
66,981 Gleiwitz
21%
121,272 Plauen
21%
53,425 Mülheim am Rhein
20%
112,580 Mülheim an der Ruhr
20%
53,701 Recklinghausen
19%
66,620 Liegnitz
18%
84,855 Spandau
18%
57,147 Herne
17%
237,289 Rixdorf
16%
63,373 Zabrze
16%
67,718 Beuthen in Oberschlesien
15%
72,159 Remscheid
15%
67,025 Harburg
13%
72,641 Königshütte
12%
172,823 Schöneberg
10%
109,716 Deutsch-Wilmersdorf
7%
81,199 Lichtenberg
7%
62,954 Steglitz
6%
61,510 Buer
5%
73,379 Linden
5%
101,703 Hamborn
3%
51,942 Boxhagen-Rummelsburg
2%
71,106 Borbeck
1%
No matching quizzes found
Score Distribution
Percent of People with Each Score
Percentile by Number Answered
Your Score History
You have not taken this quiz since the last reset